| 000 | 02426nam0a2200373 4500 | ||
|---|---|---|---|
| 001 | RU\NLR\BIBL_A\012055006 | ||
| 005 | 20190815153424.0 | ||
| 010 |
_a978-5-903151-55-4 _9300 |
||
| 021 |
_aRU _bКН-П-19-043291 _9КН-П-19-3169 |
||
| 035 | _a(NLR Aleph) 012055006 | ||
| 035 | _a(RuMoRGB)010009657 | ||
| 090 |
_a11671555 _c11671555 |
||
| 100 | _a20190709d2019 u y0rusy50 ca | ||
| 101 | 0 | _arus | |
| 102 | _aRU | ||
| 105 | _aac||j|||000zy | ||
| 200 | 1 |
_aПропорциональность в индустриальном дизайне _eтеоретические основы и практика применения _eучебное пособие для бакалавров _eдля студентов, обучающихся по направлению подготовки 54.03.01 Дизайн, квалификация "бакалавр" |
|
| 210 |
_aГжель _cГжельский государственный университет _d2019 |
||
| 215 |
_a358, [1] с. _cил., портр. _d24 |
||
| 300 | _aВ конце кн. авт.: С. С. Водчиц - журналист, заслуж. деят. искусств Рос. Федерации, д. чл. Акад. рус. словесности и изящ. искусств им. Г. Р. Державина, лауреат нац. конкурсов "Искусство книги", Всерос. конкурса кн. ил. "Образ книги" | ||
| 320 | _aБиблиогр.: с. 356-358 | ||
| 320 | _aДр. работы авт. в конце кн. | ||
| 606 | 1 |
_aПропорциональность _xв изобразительном искусстве _jУчебные издания для высших учебных заведений _2nlr_sh1 _2nlr_sh2 _3RU\NLR\AUTH\661276881 |
|
| 606 | 1 |
_aХудожественное конструирование _jУчебные издания для высших учебных заведений _2nlr_sh1 _2nlr_sh2 _3RU\NLR\AUTH\66106392 |
|
| 606 | 1 |
_aЭргономика _jУчебные издания для высших учебных заведений _2nlr_sh1 _2nlr_sh2 _3RU\NLR\AUTH\66105494 |
|
| 686 | 1 | _aЩ100.54я73 | |
| 686 | 1 | _aЩ129.05я73 | |
| 686 | 1 | _aЖ17я73-1 | |
| 700 | 1 |
_aВодчиц _bС. С. _f1948- _gСтепан Сергеевич |
|
| 942 | _cBOOK | ||
| 980 | _aNBR | ||
| 980 | _aNB | ||